[Event "Brest Black Pawn H op 2nd"]
[Site "Brest"]
[Date "2018.11.03"]
[Round "3"]
[White "Savitski, Andrei"]
[Black "Khulapov, Vyacheslav"]
[Result "1-0"]
[WhiteElo "2243"]
[BlackElo "2107"]
[PlyCount "77"]
[EventDate "2018.11.02"]
[EventType "swiss"]
[EventRounds "5"]
[EventCountry "BLR"]
[SourceTitle "CBM 187 Extra"]
[Source "ChessBase"]
[SourceDate "2018.11.04"]
[SourceVersion "1"]
[SourceVersionDate "2018.11.04"]
[SourceQuality "1"]

1. e4 d5 2. exd5 Nf6 3. Bb5+ Nbd7 4. Nc3 a6 5. Be2 Nb6 6. d4 Nbxd5 7. Nxd5 Nxd5 8. c4 Nf6 9. Nf3 g6 10. 0-0 Bg7 11. h3 0-0 12. Be3 Nd7 13. Qc2 c5 14. d5 Qc7 15. Rad1 Nf6 16. Bd3 Ne8 17. Rfe1 e5 18. b4 b6 19. bxc5 bxc5 20. Nd2 f5 21. Nb3 Rb8 22. f3 e4 23. fxe4 f4 24. Bf2 f3 25. Bf1 fxg2 26. Bxg2 a5 27. d6 Nxd6 28. Bg3 Rd8 29. Qd3 a4 30. Bxd6 Rxd6 31. Qxd6 Qxd6 32. Rxd6 axb3 33. axb3 Bd4+ 34. Kh1 Kf7 35. e5 Rxb3 36. e6+ Ke7 37. Rc6 Bb7 38. Rc7+ Ke8 39. Rxb7 1-0

[Event "Brest Black Pawn H op 2nd"]
[Site "Brest"]
[Date "2018.11.02"]
[Round "1"]
[White "Shablyka, Andrei"]
[Black "Khulapov, Vyacheslav"]
[Result "0-1"]
[WhiteElo "1270"]
[BlackElo "2107"]
[PlyCount "52"]
[EventDate "2018.11.02"]
[EventType "swiss"]
[EventRounds "5"]
[EventCountry "BLR"]
[SourceTitle "CBM 187 Extra"]
[Source "ChessBase"]
[SourceDate "2018.11.04"]
[SourceVersion "1"]
[SourceVersionDate "2018.11.04"]
[SourceQuality "1"]

1. e4 d5 2. exd5 Nf6 3. d4 Nxd5 4. Nf3 g6 5. Be2 Bg7 6. 0-0 0-0 7. Be3 Nc6 8. Qd2 Nxe3 9. fxe3 e5 10. d5 e4 11. Nd4 Nxd4 12. exd4 Qxd5 13. c3 c5 14. dxc5 Qxc5+ 15. Kh1 Be6 16. Na3 e3 17. Qc1 Rad8 18. Bf3 Bd5 19. Bxd5 Rxd5 20. Qc2 Rd2 21. Qb3 Qc6 22. Rg1 Re8 23. Nc4 Rd5 24. Nxe3 Rxe3 25. Qc2 Rh5 26. h3 Rhxh3# 0-1